Ako podnikať

Z obsahu: Podnikateľské prostredie. Neobľúbení podnikatelia. Slováci sa podnikania boja. Efektívny predajca - ponuka a objednávka. Poradenstvo. Odpovede na otázky čitateľov Trendu.

Salvato in:
Dettagli Bibliografici
Natura: Capitolo di libro
Lingua:slovacco
Soggetti:
Tags: Aggiungi Tag
Nessun Tag, puoi essere il primo ad aggiungerne!!

MARC

LEADER 00000naa$a2200000$$$4500
001 0045659
005 20231009083733.2
041 0 |a slo 
044 |a SK 
245 1 0 |a Ako podnikať 
520 |a Z obsahu: Podnikateľské prostredie. Neobľúbení podnikatelia. Slováci sa podnikania boja. Efektívny predajca - ponuka a objednávka. Poradenstvo. Odpovede na otázky čitateľov Trendu. 
610 2 0 |a podnikanie 
610 2 0 |a podnikatelia 
610 2 0 |a prostredie podnikateľské 
610 2 0 |a predajcovia 
610 2 0 |a ponuka 
610 2 0 |a objednávky 
610 2 0 |a poradenstvo 
610 2 0 |a Slovensko